| 000 | 01144cam a22002054a 4500 | ||
|---|---|---|---|
| 005 | 20250605164045.0 | ||
| 008 | 250528s ||||||||||||||||||||||||d | ||
| 035 | _a17116 | ||
| 020 | _a471373532 | ||
| 040 |
_aGR-AtMCL _bgre _dGR-AtMCL _eAACR2 |
||
| 245 | 1 | _aIntroductory Statistics / Fourth Edition | |
| 250 | _a4th | ||
| 260 |
_bJohn Wiley And Sons, Inc, _c2001 |
||
| 300 | _a806 | ||
| 520 | _aIntroduction, Organzing, Numerical Deascriptive Measures, Probability, Discrete Random Variables and Their Probability Distributions, Continuous Random Variables and the Normal Distribution, Sampling Distributions, Estimation of the Mean and Proportion, Estimation and Hypothesis Testing: Two Populations, Chi-Square Tests, Analysis of Variance, Simple Linear Regression, Nonparametric Methods, Appendices, Sample Surveys and Sampling Techniques and Design of Experiments, Using Minitab, Excel Adventures, Statistical Tables, Answers to Selected Odd-Numbered Exercises and Self-Review Tests, Answers to Odd-Numbered Graphing Calculator Exercises, Index. | ||
| 700 | 1 |
_aMann Prem S _93260 |
|
| 942 | _cBK | ||
| 999 |
_c2556 _d2556 |
||